01843nam a2200421 450000100060000001000150000600500170002102100180003809000100005610000410006610100080010710200070011510500180012210600060014093000100014667500190015667500300017567500300020570000160023520000490025121000380030021500240033822500230036280100160038599000110040199500840041299500840049699500840058099500840066499500840074899500840083299500850091699500840100199500840108599500840116999500840125399500840133728174 a972793043320220405165257.0 aPTb218407/04 a28174 a20070719d2004 ad y0pory5003 ba0 apor aPT aa z 000fy ar lBECRE a087.5vBNzpor a821.134.3-93"20"vBNzpor a821.134.3-34"20"vBNzpor 1aSousa,bRui1 aHumi e a grande viagem de icebergfRui Sousa aLisboacMinutos de Leitura,d2004 a[28] p.cil.d24 cm2 aMinutos de leitura 0aPTbBNgRPC cLIVROS 0010938706bBECEVIAdBECEVIAf71BVk087.5 SOUo0rLIVROSaBECEVIAcBECEVIAq18 0010938707bBECEVIAdBECEVIAf72BVk087.5 SOUo0rLIVROSaBECEVIAcBECEVIAq18 0010938708bBECEVIAdBECEVIAf73BVk087.5 SOUo0rLIVROSaBECEVIAcBECEVIAq18 0010938709bBECEVIAdBECEVIAf74BVk087.5 SOUo0rLIVROSaBECEVIAcBECEVIAq18 0010938710bBECEVIAdBECEVIAf75BVk087.5 SOUo0rLIVROSaBECEVIAcBECEVIAq18 0010938711bBECEVIAdBECEVIAf76BVk087.5 SOUo0rLIVROSaBECEVIAcBECEVIAq18 0010938712bBECEVIAdBECEVIAf77BVk087.5 S OUo0rLIVROSaBECEVIAcBECEVIAq18 0010938713bBECEVIAdBECEVIAf78BVk087.5 SOUo0rLIVROSaBECEVIAcBECEVIAq18 0010938714bBECEVIAdBECEVIAf79BVk087.5 SOUo0rLIVROSaBECEVIAcBECEVIAq18 0010938715bBECEVIAdBECEVIAf80BVk087.5 SOUo0rLIVROSaBECEVIAcBECEVIAq18 0010938716bBECEVIAdBECEVIAf81BVk087.5 SOUo0rLIVROSaBECEVIAcBECEVIAq18 0010938717bBECEVIAdBECEVIAf82BVk087.5 SOUo0rLIVROSaBECEVIAcBECEVIAq18